000 00426nam a2200145Ia 4500
008 100122s9999 xx 000 0 und d
082 _b27641
_a823
100 _aकुलकर्णी वि र
245 _aआबा भटजी
260 _bअनुपम प्रकाशन केंद्र
_c1905
300 _a112
630 _aआबा भटजी
730 _aआबा भटजी
942 _cBOOK
999 _c413646
_d413643